[Event "CHN-ch Gp-B"]
[Site "Liaocheng"]
[Date "2024.04.25"]
[Round "9"]
[White "Hou, Yifan B"]
[Black "Wang, Youran"]
[Result "1-0"]
[WhiteElo "2161"]
[BlackElo "1725"]
[PlyCount "81"]
[EventDate "2024.04.21"]
[EventType "swiss"]
[EventRounds "11"]
[EventCountry "CHN"]
[SourceTitle "CB18_2024"]
[SourceDate "2024.05.01"]
[SourceVersion "1"]
[SourceVersionDate "2024.05.01"]
[SourceQuality "2"]

1. d4 Nf6 2. c4 e6 3. Nf3 d5 4. g3 dxc4 5. Bg2 a6 6. 0-0 Nc6 7. Nc3 Bb4 8. Bg5 h6 9. Bxf6 Qxf6 10. Ne4 Qe7 11. a3 Bd6 12. Ned2 Rb8 13. Nxc4 0-0 14. Rc1 b5 15. Nxd6 Qxd6 16. Qc2 Nxd4 17. Nxd4 Qxd4 18. Qxc7 Qb6 19. Rfd1 Qxc7 20. Rxc7 e5 21. Bd5 Bh3 22. f3 Rbc8 23. Rdc1 Rxc7 24. Rxc7 Bf5 25. b4 e4 26. fxe4 Bg4 27. Kf2 Bh5 28. Ke3 Kh7 29. Kd4 f6 30. e3 Bf3 31. Rc6 Rd8 32. Rxa6 f5 33. Ke5 fxe4 34. Bxe4+ Bxe4 35. Kxe4 Rd2 36. h4 Ra2 37. Kf3 h5 38. e4 Ra1 39. e5 Re1 40. Kf4 Rf1+ 41. Ke4 1-0

[Event "CHN-ch Gp-B"]
[Site "Liaocheng"]
[Date "2024.04.24"]
[Round "8"]
[White "Cheng, Zihan"]
[Black "Hou, Yifan B"]
[Result "1-0"]
[WhiteElo "1819"]
[BlackElo "2161"]
[PlyCount "75"]
[EventDate "2024.04.21"]
[EventType "swiss"]
[EventRounds "11"]
[EventCountry "CHN"]
[SourceTitle "CB18_2024"]
[SourceDate "2024.05.01"]
[SourceVersion "1"]
[SourceVersionDate "2024.05.01"]
[SourceQuality "2"]

1. e4 c5 2. Nf3 Nc6 3. d4 cxd4 4. Nxd4 Nf6 5. Nc3 e5 6. Ndb5 d6 7. Nd5 Nxd5 8. exd5 Nb8 9. a4 Be7 10. Be2 0-0 11. 0-0 a6 12. Na3 Nd7 13. Nc4 a5 14. f4 exf4 15. Bxf4 Nb6 16. Ne3 Re8 17. Bd3 Bf6 18. Qf3 Nd7 19. c3 Ne5 20. Bxe5 Rxe5 21. Kh1 Bd7 22. Nc4 Qe7 23. Nxe5 Bxe5 24. Bf5 Bxf5 25. Qxf5 g6 26. Qg4 Rf8 27. Rae1 Kg7 28. Rf3 h5 29. Qf4 Re8 30. Qc4 Qg5 31. Ref1 Re7 32. b4 b6 33. Qb5 Qh4 34. h3 g5 35. Qxb6 axb4 36. Qd8 Ra7 37. cxb4 f6 38. Rxf6 1-0

[Event "CHN-ch Gp-B"]
[Site "Liaocheng"]
[Date "2024.04.22"]
[Round "4"]
[White "Hou, Yifan B"]
[Black "Xie, Kaifan"]
[Result "0-1"]
[WhiteElo "2161"]
[BlackElo "2393"]
[PlyCount "68"]
[EventDate "2024.04.21"]
[EventType "swiss"]
[EventRounds "11"]
[EventCountry "CHN"]
[SourceTitle "CB18_2024"]
[SourceDate "2024.05.01"]
[SourceVersion "1"]
[SourceVersionDate "2024.05.01"]
[SourceQuality "2"]

1. d4 Nf6 2. c4 e6 3. Nf3 d5 4. g3 dxc4 5. Bg2 a6 6. Ne5 Bb4+ 7. Bd2 Qxd4 8. Bxb4 Qxe5 9. Na3 Nc6 10. Bc3 Qc5 11. Rc1 0-0 12. Bxf6 gxf6 13. Rxc4 Qa5+ 14. Rc3 Rd8 15. Qb1 Bd7 16. 0-0 Nd4 17. Re1 Bc6 18. Bxc6 Nxc6 19. Qe4 Qd5 20. Qg4+ Qg5 21. Qf3 Rd4 22. e3 Rd5 23. h4 Qg6 24. Nc4 Rad8 25. e4 Rd4 26. b3 b5 27. Ne3 Ne5 28. Qg2 c5 29. Rf1 Qxe4 30. Qxe4 Rxe4 31. Rxc5 Rd2 32. Nc2 Ree2 33. Nb4 a5 34. Na6 Ng4 0-1

[Event "CHN-ch Gp-B"]
[Site "Liaocheng"]
[Date "2024.04.22"]
[Round "3"]
[White "Hou, Yifan B"]
[Black "Xiu, Yang"]
[Result "1-0"]
[WhiteElo "2161"]
[BlackElo "1837"]
[PlyCount "67"]
[EventDate "2024.04.21"]
[EventType "swiss"]
[EventRounds "11"]
[EventCountry "CHN"]
[SourceTitle "CB18_2024"]
[SourceDate "2024.05.01"]
[SourceVersion "1"]
[SourceVersionDate "2024.05.01"]
[SourceQuality "2"]

1. d4 Nf6 2. c4 e6 3. Nf3 d5 4. g3 dxc4 5. Bg2 Nc6 6. 0-0 a6 7. Nc3 Be7 8. e4 0-0 9. Qe2 b5 10. Rd1 Rb8 11. d5 exd5 12. e5 d4 13. exf6 Bxf6 14. Ne4 d3 15. Nxf6+ Qxf6 16. Qe4 Bb7 17. Qf4 Nb4 18. Qxf6 gxf6 19. Bd2 Nc2 20. Rac1 Rfe8 21. b3 Bxf3 22. Bxf3 Nd4 23. Kg2 Ne2 24. Bxe2 Rxe2 25. Kf3 a5 26. bxc4 b4 27. c5 a4 28. Rb1 b3 29. axb3 axb3 30. Bc3 Kg7 31. Rxd3 Rc2 32. Rb2 Rb5 33. Bd4 Rb4 34. Rbxb3 1-0

[Event "CHN-chT"]
[Site "Qingdao"]
[Date "2024.04.07"]
[Round "6.2"]
[White "Hou, Yifan B"]
[Black "Zhao, Chenxi"]
[Result "1-0"]
[WhiteElo "2161"]
[BlackElo "2421"]
[PlyCount "77"]
[EventDate "2024.04.02"]
[EventType "team-swiss"]
[EventRounds "9"]
[EventCountry "CHN"]
[SourceTitle "CB16_2024"]
[SourceDate "2024.04.17"]
[SourceVersion "1"]
[SourceVersionDate "2024.04.17"]
[SourceQuality "1"]
[WhiteTeam "Heilongjiang"]
[BlackTeam "Guangdong"]
[WhiteTeamCountry "CHN"]
[BlackTeamCountry "CHN"]

1. d4 Nf6 2. c4 e6 3. Nf3 b6 4. g3 Ba6 5. b3 Bb4+ 6. Bd2 Be7 7. Bg2 0-0 8. 0-0 d5 9. cxd5 exd5 10. Nc3 Re8 11. Re1 Bb7 12. Qc2 Nbd7 13. Bf4 Nf8 14. Nb5 Ne6 15. Nxc7 Rc8 16. Nxe6 Rxc2 17. Nxd8 Bxd8 18. Bf1 Ba6 19. e3 Bxf1 20. Kxf1 Ne4 21. Re2 Rc8 22. g4 Be7 23. a3 Rc3 24. Nd2 Nxd2+ 25. Rxd2 Rxb3 26. Rc2 Rb5 27. Rac1 Ra5 28. Rc7 g5 29. Bg3 Bxa3 30. R1c6 Ra4 31. Rf6 Be7 32. Rf5 Kf8 33. Rxd5 Rd8 34. Rf5 Ke8 35. h4 a5 36. hxg5 Ra1+ 37. Kg2 a4 38. Bh4 Rd6 39. Re5 1-0

[Event "Belt and Road op 3rd"]
[Site "Qinhuangdao"]
[Date "2023.11.21"]
[Round "4"]
[White "Hou, Yifan B"]
[Black "Li, Haoyu"]
[Result "1/2-1/2"]
[WhiteElo "2102"]
[BlackElo "2275"]
[PlyCount "77"]
[EventDate "2023.11.19"]
[EventType "swiss"]
[EventRounds "9"]
[EventCountry "CHN"]
[SourceTitle "CB48_2023"]
[SourceDate "2023.11.29"]
[SourceVersion "1"]
[SourceVersionDate "2023.11.29"]
[SourceQuality "1"]

1. d4 f5 2. Nf3 Nf6 3. g3 b6 4. Bg2 Bb7 5. 0-0 e6 6. c4 a5 7. d5 Bc5 8. Nc3 0-0 9. Nd4 Na6 10. Bf4 Re8 11. dxe6 Bxg2 12. Kxg2 dxe6 13. Nc6 Qc8 14. e3 Nb4 15. Ne5 Bd6 16. a3 Bxe5 17. Bxe5 Qb7+ 18. Qf3 Qxf3+ 19. Kxf3 Nd3 20. Bxf6 gxf6 21. b3 Red8 22. Rfd1 Rd7 23. Ke2 Rad8 24. Nd5 exd5 25. Rxd3 Kf7 26. Rc1 dxc4 27. Rxd7+ Rxd7 28. Rxc4 c5 29. b4 cxb4 30. axb4 Rd5 31. Rc7+ Kg6 32. Rb7 Rd6 33. bxa5 bxa5 34. Ra7 Rd5 35. Kf3 Rc5 36. h3 Rb5 37. g4 fxg4+ 38. hxg4 h5 39. gxh5+ 1/2-1/2

[Event "Tianjin Binhai Cup-A 3rd"]
[Site "Tianjin"]
[Date "2023.08.24"]
[Round "7"]
[White "Yang, Zilong"]
[Black "Hou, Yifan B"]
[Result "0-1"]
[WhiteElo "1862"]
[BlackElo "2045"]
[PlyCount "122"]
[EventDate "2023.08.20"]
[EventType "swiss"]
[EventRounds "9"]
[EventCountry "CHN"]
[SourceTitle "CBM 215 Extra"]
[Source "ChessBase"]
[SourceDate "2023.09.30"]
[SourceVersion "1"]
[SourceVersionDate "2023.09.30"]
[SourceQuality "1"]

1. e4 c5 2. Nf3 Nc6 3. d4 cxd4 4. Nxd4 Nf6 5. Nc3 e5 6. Ndb5 d6 7. Bg5 a6 8. Na3 b5 9. Nd5 Be7 10. Bxf6 Bxf6 11. c4 b4 12. Nc2 a5 13. Qf3 Be7 14. Rd1 0-0 15. Be2 Be6 16. b3 Qb8 17. 0-0 Bd8 18. g3 a4 19. bxa4 Bb6 20. Rb1 Bc5 21. a3 b3 22. Qxb3 Qxb3 23. Rxb3 Rxa4 24. Rfb1 f5 25. Rf3 f4 26. gxf4 Bg4 27. Re3 exf4 28. Bxg4 fxe3 29. Ndxe3 Ne5 30. Be2 Nf3+ 31. Bxf3 Rxf3 32. Kg2 Rf8 33. Rb3 Rfa8 34. Rd3 Kf7 35. Rd5 R8a5 36. Nf5 g6 37. Nxd6+ Bxd6 38. Rxd6 Rxc4 39. Ne3 Rxe4 40. Rd3 Ra7 41. Rc3 Rea4 42. Nc2 Ke6 43. h3 Rd7 44. Rc6+ Rd6 45. Rc7 h5 46. Rc3 Rf4 47. Kg3 g5 48. Rc5 h4+ 49. Kg2 Rd2 50. Ne3 Rdxf2+ 51. Kg1 R2f3 52. Ng2 Rf5 53. Rxf5 Kxf5 54. Kh2 Rxa3 55. Ne1 Ke4 56. Kg2 Ra2+ 57. Kg1 Kf4 58. Kf1 Kg3 59. Nd3 Kxh3 60. Nf2+ Rxf2+ 61. Kxf2 g4 0-1

[Event "Tianjin Binhai Cup-A 3rd"]
[Site "Tianjin"]
[Date "2023.08.22"]
[Round "5"]
[White "Xu, Yuze"]
[Black "Hou, Yifan B"]
[Result "1/2-1/2"]
[WhiteElo "2017"]
[BlackElo "2045"]
[PlyCount "98"]
[EventDate "2023.08.20"]
[EventType "swiss"]
[EventRounds "9"]
[EventCountry "CHN"]
[SourceTitle "CBM 215 Extra"]
[Source "ChessBase"]
[SourceDate "2023.09.30"]
[SourceVersion "1"]
[SourceVersionDate "2023.09.30"]
[SourceQuality "1"]

1. e4 c5 2. c3 Nf6 3. e5 Nd5 4. d4 cxd4 5. Nf3 Nc6 6. cxd4 d6 7. Bc4 dxe5 8. dxe5 Be6 9. 0-0 g6 10. Ng5 Bg7 11. Nxe6 fxe6 12. f4 Qb6+ 13. Kh1 Rd8 14. Qe2 Qc5 15. Nd2 Ne3 16. Rg1 Nxc4 17. Qxc4 Qxc4 18. Nxc4 0-0 19. Be3 b5 20. Na3 a6 21. Nc2 Rd3 22. Rad1 Rfd8 23. Rxd3 Rxd3 24. g3 g5 25. Kg2 gxf4 26. gxf4 Nb4 27. Nxb4 Rxe3 28. Kf2 Rh3 29. Nxa6 Kf7 30. Kg2 Re3 31. Rf1 Bh6 32. Rf2 Kg6 33. Nc7 Kf5 34. Nxb5 Bxf4 35. a4 Rxe5 36. Nc3 Rc5 37. Ne2 e5 38. Ng3+ Ke6 39. b4 Rc3 40. Ra2 Bxg3 41. hxg3 Rb3 42. b5 Rb4 43. Ra3 Kd5 44. Kf3 Kd4 45. Re3 Kd5 46. Rd3+ Kc5 47. Rc3+ Kd4 48. Re3 Kd5 49. Ra3 Kd4 1/2-1/2

[Event "Daqing Boyi Cup-A"]
[Site "Daqing"]
[Date "2023.08.13"]
[Round "1"]
[White "Hou, Yifan B"]
[Black "Chen, Zimu"]
[Result "1/2-1/2"]
[WhiteElo "2045"]
[BlackElo "1899"]
[PlyCount "59"]
[EventDate "2023.08.13"]
[EventType "swiss"]
[EventRounds "9"]
[EventCountry "CHN"]
[SourceTitle "EXT 2024"]
[Source "ChessBase"]
[SourceDate "2023.10.10"]
[SourceVersion "1"]
[SourceVersionDate "2023.10.10"]
[SourceQuality "1"]

1. c4 d6 2. g3 e5 3. Bg2 f5 4. Nc3 Nf6 5. d3 Be7 6. Nf3 0-0 7. 0-0 a5 8. Rb1 c6 9. a3 Kh8 10. b4 axb4 11. axb4 Be6 12. b5 Bg8 13. bxc6 bxc6 14. c5 Nd5 15. Bb2 Nd7 16. cxd6 Bxd6 17. Nd2 Bb4 18. Qc2 Qe7 19. Nc4 Rfb8 20. Nxd5 Bxd5 21. e4 fxe4 22. dxe4 Bxc4 23. Qxc4 Bc5 24. Ra1 Rxa1 25. Bxa1 Qd6 26. Kh1 Nf6 27. f4 Ng4 28. Bxe5 Nxe5 29. fxe5 Qxe5 30. Rc1 1/2-1/2

[Event "Daqing Boyi Cup-A"]
[Site "Daqing"]
[Date "2023.08.13"]
[Round "2"]
[White "Yang, Zilong"]
[Black "Hou, Yifan B"]
[Result "1/2-1/2"]
[WhiteElo "1862"]
[BlackElo "2045"]
[PlyCount "74"]
[EventDate "2023.08.13"]
[EventType "swiss"]
[EventRounds "9"]
[EventCountry "CHN"]
[SourceTitle "EXT 2024"]
[Source "ChessBase"]
[SourceDate "2023.10.10"]
[SourceVersion "1"]
[SourceVersionDate "2023.10.10"]
[SourceQuality "1"]

1. e4 c5 2. Nf3 Nc6 3. d4 cxd4 4. Nxd4 Nf6 5. Nc3 e5 6. Ndb5 d6 7. Bg5 a6 8. Na3 b5 9. Nd5 Be7 10. Bxf6 Bxf6 11. c4 b4 12. Nc2 a5 13. Qf3 Be7 14. Bd3 0-0 15. 0-0 Be6 16. Qe2 Bg5 17. g3 Qb8 18. b3 a4 19. f4 exf4 20. gxf4 Bh6 21. Qf2 axb3 22. axb3 Qb7 23. Kh1 Rxa1 24. Rxa1 g6 25. Ra4 Ra8 26. Qb6 Qxb6 27. Rxa8+ Qd8 28. Rxd8+ Nxd8 29. Ncxb4 Bxd5 30. Nxd5 Ne6 31. f5 Nf4 32. Bc2 Nxd5 33. exd5 Bd2 34. Kg2 Kg7 35. Kf3 Kf6 36. fxg6 hxg6 37. Bd3 Ke5 1/2-1/2

[Event "Eastern Asia-ch U18 7th"]
[Site "Hainan"]
[Date "2023.08.10"]
[Round "9"]
[White "Batbold, Nyamsuren"]
[Black "Hou, Yifan B"]
[Result "1/2-1/2"]
[WhiteElo "2156"]
[BlackElo "2045"]
[PlyCount "56"]
[EventDate "2023.08.04"]
[EventType "swiss"]
[EventRounds "9"]
[EventCountry "CHN"]
[SourceTitle "EXT 2024"]
[Source "ChessBase"]
[SourceDate "2023.10.10"]
[SourceVersion "1"]
[SourceVersionDate "2023.10.10"]
[SourceQuality "1"]

1. d4 Nf6 2. c4 e6 3. Nf3 d5 4. Nc3 Bb4 5. Bg5 h6 6. Bxf6 Qxf6 7. cxd5 exd5 8. Qb3 c5 9. e3 0-0 10. Be2 Nc6 11. 0-0 c4 12. Qc2 Bf5 13. Qc1 Bxc3 14. bxc3 b5 15. Nd2 Qd6 16. Re1 Rfe8 17. Bf3 b4 18. a3 bxc3 19. Qxc3 Rab8 20. Rad1 Bd3 21. Be2 Bxe2 22. Rxe2 Qf6 23. Ree1 Rb6 24. Rb1 Reb8 25. Rxb6 Rxb6 26. Rb1 Qd8 27. Rd1 Qf6 28. Rb1 Qd8 1/2-1/2

[Event "CHN-ch sf"]
[Site "Hefei"]
[Date "2023.04.27"]
[Round "9"]
[White "Kong, Xiangrui"]
[Black "Hou, Yifan B"]
[Result "1/2-1/2"]
[WhiteElo "2193"]
[BlackElo "2043"]
[PlyCount "109"]
[EventDate "2023.04.23"]
[EventType "swiss"]
[EventRounds "11"]
[EventCountry "CHN"]
[SourceTitle "CBM 214 Extra"]
[Source "ChessBase"]
[SourceDate "2023.07.31"]
[SourceVersion "1"]
[SourceVersionDate "2023.07.31"]
[SourceQuality "1"]

1. e4 c5 2. Nf3 Nc6 3. d4 cxd4 4. Nxd4 Nf6 5. Nc3 e5 6. Ndb5 d6 7. Bg5 a6 8. Na3 b5 9. Nab1 Be7 10. Bxf6 Bxf6 11. a4 b4 12. Nd5 Bg5 13. Bc4 0-0 14. 0-0 Be6 15. Qd3 a5 16. c3 Rb8 17. Bb5 Na7 18. Rd1 g6 19. cxb4 Bxd5 20. Qxd5 axb4 21. Bc4 Rc8 22. Nd2 Rc5 23. Qd3 Bxd2 24. Rxd2 Nc6 25. g3 Nd4 26. Kg2 Kg7 27. b3 f5 28. f4 Qa8 29. Re1 Re8 30. fxe5 dxe5 31. Qe3 Qc6 32. Rf2 Rf8 33. h4 Qf6 34. Ref1 f4 35. gxf4 Qxh4 36. fxe5 Qg4+ 37. Kh1 Rxf2 38. Rxf2 Qd1+ 39. Kg2 Qg4+ 40. Kf1 Qd1+ 41. Qe1 Qxe1+ 42. Kxe1 Rxe5 43. Rf7+ Kh6 44. Bd5 Nf5 45. Rb7 Ne7 46. Kf2 Nxd5 47. exd5 Rxd5 48. Rxb4 g5 49. Rb6+ Kh5 50. b4 Kg4 51. a5 Rd2+ 52. Ke3 Ra2 53. a6 h5 54. b5 h4 55. Rh6 1/2-1/2

[Event "CHN-ch sf"]
[Site "Hefei"]
[Date "2023.04.26"]
[Round "8"]
[White "Hou, Yifan B"]
[Black "Gu, Xianghan"]
[Result "1/2-1/2"]
[WhiteElo "2043"]
[BlackElo "1798"]
[PlyCount "92"]
[EventDate "2023.04.23"]
[EventType "swiss"]
[EventRounds "11"]
[EventCountry "CHN"]
[SourceTitle "CBM 214 Extra"]
[Source "ChessBase"]
[SourceDate "2023.07.31"]
[SourceVersion "1"]
[SourceVersionDate "2023.07.31"]
[SourceQuality "1"]

1. d4 Nf6 2. c4 e6 3. Nf3 Bb4+ 4. Bd2 Qe7 5. g3 Nc6 6. Bg2 Bxd2+ 7. Nbxd2 d6 8. 0-0 0-0 9. e4 e5 10. d5 Nb8 11. b4 a5 12. a3 c5 13. bxc5 dxc5 14. Ne1 Ne8 15. Nd3 Nd7 16. Qb3 Nd6 17. f4 a4 18. Qc3 Re8 19. Rab1 Rb8 20. fxe5 Nxe5 21. Nxe5 Qxe5 22. Qxe5 Rxe5 23. Rb6 Ne8 24. Rfb1 f5 25. exf5 Re2 26. Nf3 Bxf5 27. Re1 Rxe1+ 28. Nxe1 Kf8 29. Nf3 Rd8 30. Rxb7 Nd6 31. Rc7 Nxc4 32. Ng5 Rd7 33. Rxc5 Nxa3 34. Ra5 h6 35. Rxa4 hxg5 36. Rxa3 Ke7 37. Ra6 Bd3 38. Re6+ Kf7 39. Re1 Bc4 40. Rd1 Kf6 41. Rd4 Bb3 42. Kf2 Ke5 43. Rg4 Kf6 44. Rd4 Ke5 45. Rb4 Bxd5 46. Rb5 Rd6 1/2-1/2

[Event "CHN-chTB"]
[Site "Hefei"]
[Date "2023.04.19"]
[Round "5"]
[White "Chen, Zimu"]
[Black "Hou, Yifan B"]
[Result "1/2-1/2"]
[WhiteElo "1823"]
[BlackElo "2043"]
[PlyCount "93"]
[EventDate "2023.04.17"]
[EventType "team-swiss"]
[EventRounds "9"]
[EventCountry "CHN"]
[SourceTitle "EXT 2024"]
[Source "ChessBase"]
[SourceDate "2023.10.10"]
[SourceVersion "1"]
[SourceVersionDate "2023.10.10"]
[SourceQuality "1"]
[WhiteTeam "Beijing"]
[BlackTeam "Heilongjiang"]
[WhiteTeamCountry "CHN"]
[BlackTeamCountry "CHN"]

1. d4 Nf6 2. Bg5 c5 3. Bxf6 gxf6 4. d5 Qb6 5. Qc1 f5 6. c4 d6 7. Nc3 Nd7 8. Nf3 Bg7 9. e3 Nf6 10. Bd3 Ne4 11. 0-0 Nxc3 12. bxc3 Qa5 13. Nh4 Bxc3 14. Rb1 Bf6 15. Nxf5 Qxa2 16. Ng3 h5 17. Ne4 Bg7 18. f4 Qa5 19. Qc2 Qc7 20. Ng5 Rh6 21. e4 Bg4 22. e5 dxe5 23. fxe5 Qxe5 24. Nxf7 Qe3+ 25. Kh1 Rf6 26. Rfe1 Qd4 27. Bg6 Rf2 28. Qe4 Qxe4 29. Nd6+ Kf8 30. Nxe4 Rb2 31. Rxb2 Bxb2 32. h3 Kg7 33. hxg4 Kxg6 34. gxh5+ Kxh5 35. Nxc5 b6 36. Na6 Bf6 37. Re6 Kg5 38. Kg1 Kf5 39. Kf1 Rh8 40. c5 bxc5 41. Nxc5 Rd8 42. g4+ Kxg4 43. Ne4 Bd4 44. d6 exd6 45. Rxd6 Rf8+ 46. Ke2 Bb6 47. Kd3 1/2-1/2

[Event "CHN-chT Div-B"]
[Site "Hainan"]
[Date "2023.02.10"]
[Round "8"]
[White "Xie, Kaifan"]
[Black "Hou, Yifan B"]
[Result "1/2-1/2"]
[WhiteElo "2224"]
[BlackElo "2057"]
[PlyCount "52"]
[EventDate "2023.02.06"]
[EventType "team-tourn"]
[EventRounds "9"]
[EventCountry "CHN"]
[SourceTitle "CBM 213 Extra"]
[Source "ChessBase"]
[SourceDate "2023.05.31"]
[SourceVersion "1"]
[SourceVersionDate "2023.05.31"]
[SourceQuality "1"]
[WhiteTeam "Hangzhou Chess Assoc"]
[BlackTeam "Heilongjiang Provincial Social Sports"]
[WhiteTeamCountry "CHN"]
[BlackTeamCountry "CHN"]

1. d4 Nf6 2. c4 e6 3. Nf3 d5 4. Nc3 Bb4 5. Bg5 h6 6. Bxf6 Qxf6 7. Qa4+ Nc6 8. e3 0-0 9. Be2 dxc4 10. 0-0 Bd7 11. Bxc4 Bxc3 12. bxc3 Rfd8 13. Qa3 b6 14. Bd3 Qe7 15. Qb2 Na5 16. e4 c5 17. Rfe1 Bc6 18. Rad1 Bb7 19. Qd2 Rac8 20. Qf4 cxd4 21. cxd4 Nc4 22. Bf1 Nb2 23. Rd2 Nc4 24. Rdd1 Nb2 25. Rd2 Nc4 26. Rdd1 Nb2 1/2-1/2

[Event "CHN-chB"]
[Site "Qiziwan"]
[Date "2023.01.31"]
[Round "4"]
[White "Hou, Yifan B"]
[Black "Zhao, Chenxi"]
[Result "0-1"]
[WhiteElo "2057"]
[BlackElo "2408"]
[PlyCount "82"]
[EventDate "2023.01.30"]
[EventType "swiss"]
[EventRounds "11"]
[EventCountry "CHN"]
[SourceTitle "CBM 212 Extra"]
[Source "ChessBase"]
[SourceDate "2023.03.31"]
[SourceVersion "1"]
[SourceVersionDate "2023.03.31"]
[SourceQuality "1"]

1. d4 e6 2. c4 d5 3. Nf3 c6 4. e3 Nd7 5. Nbd2 f5 6. Bd3 Nh6 7. Rb1 a5 8. a3 Bd6 9. b4 axb4 10. axb4 0-0 11. c5 Bc7 12. Bb2 Nf7 13. h4 Qf6 14. Ra1 Rxa1 15. Qxa1 e5 16. dxe5 Nfxe5 17. Be2 Qe7 18. Nxe5 Nxe5 19. g3 Ng4 20. Bd4 Re8 21. Qc3 f4 22. gxf4 Bxf4 23. Nf3 Bf5 24. Rg1 h5 25. Ng5 Bxg5 26. hxg5 Qxg5 27. f3 Qh4+ 28. Kd1 Nxe3+ 29. Bxe3 d4 30. Qb3+ Kf8 31. Bh6 Rxe2 32. Bxg7+ Ke7 33. Bh6 Bc2+ 34. Qxc2 Rxc2 35. Bg5+ Qxg5 36. Rxg5 Rh2 37. Re5+ Kf6 38. Re4 d3 39. Rd4 h4 40. Rxd3 h3 41. f4 Rh1+ 0-1